Stolice Europy Według Dwóch Pierwszych Liter! - Statystyki

Ogólne statystyki
  • Ten quiz został rozwiązany 521 razy
  • Średni wynik to 33 z 45
Statystyki odpowiedzi
Kraj Miasto % Poprawnych
Austria Wiedeń
91%
Litwa Wilno
91%
Słowacja Bratysława
88%
Belgia Bruksela
88%
Hiszpania Madryt
88%
Andora Andora
86%
Czechy Praga
86%
Kosowo Prisztina
86%
Watykan Watykan
86%
Białoruś Mińsk
85%
Polska Warszawa
85%
Francja Paryż
83%
Dania Kopenhaga
81%
Finlandia Helsinki
77%
San Marino San Marino
77%
Bośnia i Hercegowina Sarajewo
77%
Albania Tirana
77%
Holandia Amsterdam
76%
Grecja Ateny
76%
Serbia Belgrad
75%
Niemcy Berlin
75%
Szwajcaria Berno
75%
Irlandia Dublin
74%
Bułgaria Sofia
74%
Chorwacja Zagrzeb
74%
Monako Monako
73%
Rosja Moskwa
73%
Islandia Reykjavík
73%
Estonia Tallinn
72%
Słowenia Lublana
69%
Luksemburg Luksemburg
69%
Portugalia Lizbona
68%
Ukraina Kijów
67%
Mołdawia Kiszyniów
67%
Łotwa Ryga
67%
Liechtenstein Vaduz
67%
Malta Valletta
67%
Norwegia Oslo
61%
Węgry Budapeszt
59%
Rumunia Bukareszt
59%
Wielka Brytania Londyn
58%
Czarnogóra Podgorica
58%
Macedonia Północna Skopje
50%
Szwecja Sztokholm
49%
Włochy Rzym
46%
Nie znaleziono quizów pasujących do podanych kryteriów
Rozkład punktacji
Procent ludzi z każdym wynikiem
Percentyl według liczby udzielonych odpowiedzi
Twoja historia wyników
Nie rozwiązałeś tego quizu